Statistics for World War II Countries by GDP (PPP)

Click here to take the quiz!

General Stats

  • This quiz has been taken 70 times
  • The average score is 43 of 45

Answer Stats

1939% Correct
2British EmpireWestern Europe
98%
2British EmpireWestern Europe
98%
3British EmpireWestern Europe
98%
7ChinaEast Asia
98%
6ChinaEast Asia
98%
6ChinaEast Asia
98%
5Empire of JapanEast Asia
98%
4Empire of JapanEast Asia
98%
4Empire of JapanEast Asia
98%
5FranceWestern Europe
98%
6FranceWestern Europe
98%
3Nazi GermanyCentral Europe
98%
2Nazi GermanyCentral Europe
98%
1United StatesNorthern America
98%
1United StatesNorthern America
98%
1United StatesNorthern America
98%
11ArgentinaSouth America
97%
8ArgentinaSouth America
97%
9ArgentinaSouth America
97%
8Fascist ItalySouthern Europe
97%
7Fascist ItalySouthern Europe
97%
15BrazilSouth America
95%
11BrazilSouth America
95%
10BrazilSouth America
95%
7CanadaNorthern America
95%
8CanadaNorthern America
95%
12CanadaNorthern America
95%
13BelgiumWestern Europe
94%
13BelgiumWestern Europe
94%
9NetherlandsWestern Europe
94%
10PolandEastern Europe
94%
5Soviet UnionEastern Europe
94%
3Soviet UnionEastern Europe
94%
4Soviet UnionEastern Europe
94%
14SwedenNorthern Europe
94%
13SwedenNorthern Europe
94%
10Francoist SpainSouthern Europe
92%
14Francoist SpainSouthern Europe
92%
9Francoist SpainSouthern Europe
92%
12MexicoCentral America
92%
12MexicoCentral America
92%
11AustraliaOceania
89%
14South AfricaSouthern Africa
88%
15South AfricaSouthern Africa
88%
15HungaryCentral Europe
81%

Score Distribution

Percentile by Number Answered

Percent of People with Each Score

Your Score History

You have not taken this quiz